000 00337 a2200133 4500
000 nam a22 7a 4500
100 _aP.D.Sharma
110 _aP.D.Sharma
245 _aPASHCHATYA RAJNITIK VICHARO KA ITIHAS
250 _alatest edition
260 _bcolleage book depot
_c2023
264 _bcolleage book depot
_c2023
942 _cBK
999 _c395082
_d395082